Quizzes
Events
Quiz Creation
Community
Videos
Private Events
Remove Ads
Sign In
Join for FREE
Feedback
Dark Mode
Quiz Categories
Sports
Geography
Music
Movies
Television
Just For Fun
Miscellaneous
History
Literature
Language
Science
Gaming
Entertainment
Religion
Holiday
For Kids
Quiz Lab
Recent
Popular Today
Quiz Kudos Today
Editor Picks
Curator Picks
Quizzes by...
Day
Popularity
Type
Ratings
Length
Year
Community
Subscriptions
Recent Discussions
Orange Saloon
Badges
Playlists
Quests
Create
Leaderboards
Showdown
Live 5
Trivia Bingo
Activity
Puzzle Library
Sporcle Events
Private Events
Virtual Trivia
Globe League
Become a Host
Pub Owners
SporcleCon
Opinionation
Our Games
Videos
Blog
Mobile Apps
Partnerships
Remove Ads and Go Orange
Feedback
Gaming
Video Games
Board Games
Card Games
Pokémon
Mario
Nintendo
Minecraft
Console
Toys
Legend of Zelda
Gaming
Video Games
Board Games
Card Games
Pokémon
Mario
Nintendo
Minecraft
Console
Toys
Legend of Zelda
Random Quiz
Search Sporcle
×
Quiz Lab
Quiz Lab
Gaming
Video Games
Type in answers that appear in a list
Type in answers that appear in a list
Classic
Best Score? Go Orange.
Halo 4 Weapons and Vehicles Stats
Can you name the weapons and vehicles of Halo 4?
By
IAMERROR
4m
40 Questions
806 Plays
806 Plays
806 Plays
Comments
Comments
Give Quiz Kudos
Give Quiz Kudos
-
- Ratings
hide this ad
More Info
Replay
Link that replays current quiz
Next Quiz
Link to next quiz in quiz playlist
You Got
0%
They Got
Avg Score
60%
Avg Friend Score
Upgrade to see
Score Distribution
Jump to the score distribution portion of the page
Score
0/40
Timer
04:00
0
Plays Today
% Correct
Warthog
86%
Assault Rifle
85.2%
Ghost
84.2%
Battle Rifle
83.9%
Designated Marksman Rifle
81%
Magnum
78.4%
Mongoose
78.2%
Sniper Rifle
76.1%
Banshee
75.8%
Wraith
74.9%
Rocket Launcher
73.8%
Plasma Pistol
72.2%
Scorpion Tank
69.2%
Shotgun
66.5%
Light Rifle
65.5%
Frag Grenade
65.1%
Spartan Laser
61.3%
Boltshot
60.7%
Plasma Grenade
58.9%
Scattershot
57.8%
% Correct
SAW
57.1%
Pelican
57.1%
Mantis
57.1%
Beam Rifle
56.6%
Covenant Carbine
56.2%
Binary Rifle
56.1%
Railgun
54.2%
Storm Rifle
54%
Needler
54%
Energy Sword
53.2%
Suppressor
52%
Sticky Detonator
50.1%
Incineration Cannon
48.5%
Fuel Rod Cannon
47.6%
Gravity Hammer
46.8%
Pulse Grenade
45.9%
Phantom
44.2%
Concussion Rifle
33.3%
Mammoth
29%
Broadsword
17.9%
Quiz Playlist
Details
Report
Send in Message
Add To Playlist
More Info:
Includes BOTH single and multiplayer weapons and vehicles.
Classic:
Type in answers that appear in a list
Last Updated: Feb 16, 2017
Quiz Scoreboard
CHALLENGE
Sign Up to Join the Scoreboard
Show All
Scores
Hide
Comments
May contain spoilers
Recently Published
Alphabetical 'K' Countries by Flag Minefield
by ylime102
Geography
3m
Pick 6: Fruits
by JohnFran
Miscellaneous
15s
Click the 1999 NBA Draft
by nibperrychub
Sports
2m
More to Explore
Quiz From the Vault
Featured Blog Post
15 Basketball Trivia Facts You Can Be March Mad About
hide this ad
You Might Also Like...
Tags
Video Games Quiz
halo
Vehicles
Xbox
Xbox 360
Today's Top Quizzes in Gaming
Browse Gaming
hide this ad
Today's Top Quizzes in Video Games
Browse Video Games
Top Contributed Quizzes in Gaming
1
Order Genshin Impact characters by release date!
2
Pokémon Gen IV Logic Puzzle (HARD)
3
HARD Pokemon Logic Puzzle
4
Genshin Impact Logic Puzzle Quiz
5
Genshin Impact Logic Puzzle Quiz II
6
Overwatch Logic Puzzle
7
Danganronpa Sorting Blitz
8
Pokémon Logic Puzzle (DIFFICULT)
9
Overwatch Hero Logic II
10
FF7 Gillionaire
Explore More
Trending Topics
Anime
Marvel
Kpop
NBA
Disney
Harry Potter
Crossword
Puzzle
NFL
Soccer
Song
The Office
WWE
Country
Pokémon
hide this ad
More By:
IAMERROR
Quiz
Plays
Rating
Category
Featured
Created
All Mortal Kombat Characters (2023, Mainline Games)
957
5.00
Gaming
Mar 23, 2015
Halo 4 Weapons and Vehicles
806
3.00
Gaming
Nov 8, 2012
Mortal Kombat X Variations
538
4.00
Gaming
Jul 2, 2015
The Binding of Isaac- Bosses (no DLC)
400
5.00
Gaming
Nov 8, 2012
Mortal Kombat Grab Bag I
374
3.00
Gaming
Sep 5, 2015
Go to Creator's Profile
Score Distribution
Quiz Creator Spotlight
IAMERROR
Follow
Send a Message
Quizzes Created
-
Created Quiz Play Count
-
More By This Creator
Popular Quizzes Today
1
Find the US States - No Outlines Minefield
2
Countries of Asia Without Outlines Minefield
3
Pick 6: Fruits
4
Alphabetical 'K' Countries by Flag Minefield
5
The Countries of the World
6
Click the 1999 NBA Draft
7
Find the US States
8
Match the Book to the Film X
More Gaming Quizzes
Street Fighter II Characters by Haiku
Editor's Pick
Trending Quizzes
Pick 6: Harry Potter
Pick 6: Mountains
Pick 6: NFL Teams
Pick 6: Golfers
Pick 6: Movie Franchises
Recently Updated
Women's Final Four Teams by Year
bhenderson79
Presidents Quartet II
eogle
Anything But Clue(do)
eogle
Anything But Oceanian Capitals
eogle
Anything But 7
eogle
Anything But Thing
eogle
Word Ladder: February 29
pecheneg
Song Title Questions
pecheneg
Women's NCAA Tournament #1 Seeds
pecheneg
Celebrity Mug Shots
pecheneg
Trending Topics
Anime
Crossword
Harry Potter
Disney
Kpop
NBA
Marvel
Puzzle
Pokémon
WWE
Country
NFL
The Office
Soccer
Song
Your Account Isn't Verified!
In order to create a playlist on Sporcle, you need to verify the email address you used during registration. Go to your
Sporcle Settings
to finish the process.
Report this User
Report this user for behavior that violates our
Community Guidelines
.
Details:
Send Report
Go to the Sporcle.com Mobile Site →
Comments